UBT Library

The woman in white / (Record no. 39187)

000 -LEADER
fixed length control field 01261cam a2200277 a 4500
001 - CONTROL NUMBER
control field 6579001
005 - DATE AND TIME OF LATEST TRANSACTION
control field 20171219090231.0
008 - FIXED-LENGTH DATA ELEMENTS--GENERAL INFORMATION
fixed length control field 790620s1964 vtuaf 000 1 eng
010 ## - LIBRARY OF CONGRESS CONTROL NUMBER
LC control number 64005445
040 ## - CATALOGING SOURCE
Original cataloging agency DLC
Transcribing agency DLC
Modifying agency DLC
041 ## - LANGUAGE CODE
Language code of text/sound track or separate title eng
043 ## - GEOGRAPHIC AREA CODE
Geographic area code e-uk-en
051 ## - LIBRARY OF CONGRESS COPY, ISSUE, OFFPRINT STATEMENT
Classification number PR4494
Item number .W5 1964
Copy information Copyright deposit copy in slipcase, with embossed stamp below colophon: This is one of 15 presentation copies 'out of series.'
051 ## - LIBRARY OF CONGRESS COPY, ISSUE, OFFPRINT STATEMENT
Classification number LEC no. 357
Copy information Copy no. "H.M", in slipcase, with embossed stamp below colophon: This is one of 15 presentation copies 'out of series.' No. 364 (May 1964) of Monthly letter of Limited Editions Club laid in. Acquired as part of an archival set from the publisher in 2008.
080 ## - UNIVERSAL DECIMAL CLASSIFICATION NUMBER
Universal Decimal Classification number 316 STA
082 ## - DEWEY DECIMAL CLASSIFICATION NUMBER
Classification number 316 STA
100 1# - Rafti
Rafti 50
101 ## - Shkurtesa
Shkurtesa SOC
245 14 - TITLE STATEMENT
Title The woman in white /
Statement of responsibility, etc Collins Wilkie ; with an introduction by Vincent Starrett ; illustrated by Leonard Rosoman.
510 4# - CITATION/REFERENCES NOTE
Name of source Newman & Wiche. Great and good books,
Location within source 357
510 4# - CITATION/REFERENCES NOTE
Name of source Limited Editions Club. Bibliography of the fine books published by the Limited Editions Club, 1929-1985,
Location within source no. 357
906 ## - LOCAL DATA ELEMENT F, LDF (RLIN)
a 7
b cbc
c premver
d 1
e ncip
f 19
g y-gencatlg
942 ## - ADDED ENTRY ELEMENTS (KOHA)
Source of classification or shelving scheme
Item type Books
Holdings
Withdrawn status Lost status Source of classification or shelving scheme Damaged status Not for loan Collection code Permanent location Current location Shelving location Date acquired Total Checkouts Full call number Barcode Date last seen Price effective from Koha item type
          Koleksioni i përgjithshem UBT - Lipjan UBT - Lipjan Koleksioni i përgjithshem 12/19/2017   316 STA 002-2938967 12/19/2017 12/19/2017 Books
UBT Library © 2015-2024. All rights reserved University Education for Business and Technology